[Event "Kiel op 34th"]
[Site "Kiel"]
[Date "2022.08.01"]
[Round "5"]
[White "Basey, Matthew"]
[Black "Rudolph, Johannes"]
[Result "1/2-1/2"]
[WhiteElo "1991"]
[BlackElo "2363"]
[PlyCount "79"]
[EventDate "2022.07.30"]
[EventType "swiss"]
[EventRounds "9"]
[EventCountry "GER"]
[SourceTitle "CBM 209 Extra"]
[Source "ChessBase"]
[SourceDate "2022.09.30"]
[SourceVersion "1"]
[SourceVersionDate "2022.09.30"]
[SourceQuality "1"]

1. e4 e5 2. Nf3 Nc6 3. Bc4 Bc5 4. c3 Nf6 5. d3 0-0 6. 0-0 Bb6 7. Bb3 d6 8. h3 h6 9. Re1 Be6 10. Bc2 Ne7 11. Nbd2 Ng6 12. d4 c6 13. Nf1 Re8 14. Ng3 Qc7 15. Be3 Rad8 16. Qc1 Kh7 17. Nf5 Bxf5 18. exf5 Nf8 19. dxe5 dxe5 20. Bxb6 axb6 21. Qe3 N8d7 22. Rad1 Re7 23. Nd4 Kg8 24. Qg3 Rde8 25. Nf3 b5 26. Re2 Nh5 27. Qh4 Nf4 28. Re3 Nd5 29. Re2 Nf4 30. Re3 Nd5 31. Re2 N7f6 32. Rde1 e4 33. Nd4 Qf4 34. Qxf4 Nxf4 35. Re3 Kf8 36. Kh2 N4d5 37. R3e2 Nf4 38. Re3 N4d5 39. R3e2 Nf4 40. Re3 1/2-1/2

[Event "Oberliga Baden 0910"]
[Site "Germany"]
[Date "2010.02.07"]
[Round "6.4"]
[White "Gasthofer, Viktor"]
[Black "Rudolph, Johannes"]
[Result "1/2-1/2"]
[WhiteElo "2336"]
[BlackElo "2292"]
[PlyCount "82"]
[EventDate "2009.10.18"]
[EventType "team-tourn"]
[EventRounds "9"]
[EventCountry "GER"]
[SourceTitle "EXT 2011"]
[Source "ChessBase"]
[SourceDate "2010.11.26"]
[SourceVersion "1"]
[SourceVersionDate "2010.11.26"]
[SourceQuality "1"]
[WhiteTeam "Bad Mergentheim"]
[BlackTeam "Kirchheim"]
[WhiteTeamCountry "GER"]
[BlackTeamCountry "GER"]

1. c4 c6 2. e4 e5 3. Nf3 d6 4. d4 Nd7 5. Nc3 Ngf6 6. Be2 g6 7. 0-0 Bg7 8. d5 Nc5 9. Qc2 0-0 10. Be3 Qc7 11. Nd2 Bd7 12. Rfc1 Rfc8 13. b4 Na6 14. Rab1 Ng4 15. Bxg4 Bxg4 16. f3 Bd7 17. c5 cxd5 18. Nxd5 Qd8 19. Nc4 dxc5 20. Nd6 Ba4 21. Qxa4 Qxd6 22. b5 Nb4 23. Bxc5 Rxc5 24. Qxb4 Bf8 25. Rxc5 Qxc5+ 26. Qxc5 Bxc5+ 27. Kf1 Rd8 28. Rc1 b6 29. Ke2 a6 30. bxa6 Ra8 31. a4 Rxa6 32. Rc4 h5 33. g4 hxg4 34. fxg4 Kg7 35. Kf3 f6 36. h4 Ra7 37. Kg3 Kf7 38. h5 Kg7 39. Kh4 Bf2+ 40. Kh3 Bc5 41. Kg3 Kh6 1/2-1/2

[Event "BL2-Sued 0809"]
[Site "Germany"]
[Date "2009.03.01"]
[Round "7.8"]
[White "Reefschlaeger, Helmut"]
[Black "Rudolph, Johannes"]
[Result "1-0"]
[WhiteElo "2320"]
[BlackElo "2300"]
[PlyCount "72"]
[EventDate "2008.10.05"]
[EventType "team-tourn"]
[EventRounds "9"]
[EventCountry "GER"]
[SourceTitle "CBM 129 Extra"]
[Source "ChessBase"]
[SourceDate "2009.05.05"]
[SourceVersion "2"]
[SourceVersionDate "2009.05.20"]
[SourceQuality "1"]
[WhiteTeam "Baden-Baden II"]
[BlackTeam "Heidelberg Kirchheim"]
[WhiteTeamCountry "GER"]
[BlackTeamCountry "GER"]

1. d4 d5 2. c4 e6 3. g3 dxc4 4. Bg2 c6 5. Nf3 b5 6. a4 Bb7 7. 0-0 Nf6 8. Ne5 Qc7 9. b3 cxb3 10. Qxb3 b4 11. Bf4 Nh5 12. a5 Nxf4 13. gxf4 Bd6 14. Rc1 0-0 15. Nd2 c5 16. Ne4 Bd5 17. Qg3 f6 18. Nxc5 Bxc5 19. Rxc5 Qb7 20. a6 Nxa6 21. Rxd5 exd5 22. Rxa6 Rad8 23. Qb3 fxe5 24. Ra5 Qb6 25. Rxd5 Rxd5 26. Bxd5+ Kh8 27. dxe5 Rxf4 28. e3 Rg4+ 29. Kh1 Qc7 30. Qd1 Rh4 31. Bb3 Qc6+ 32. f3 Qe8 33. e6 Rh6 34. Qd5 Qb8 35. f4 Rf6 36. e7 Rf8 1-0

[Event "BL2-Sued 0809"]
[Site "Germany"]
[Date "2009.01.18"]
[Round "5.8"]
[White "Kozlov, Alexander"]
[Black "Rudolph, Johannes"]
[Result "1/2-1/2"]
[WhiteElo "2195"]
[BlackElo "2300"]
[PlyCount "69"]
[EventDate "2008.10.05"]
[EventType "team-tourn"]
[EventRounds "9"]
[EventCountry "GER"]
[SourceTitle "CBM 129 Extra"]
[Source "ChessBase"]
[SourceDate "2009.05.05"]
[SourceVersion "2"]
[SourceVersionDate "2009.05.20"]
[SourceQuality "1"]
[WhiteTeam "Schwegenheim"]
[BlackTeam "Heidelberg Kirchheim"]
[WhiteTeamCountry "GER"]
[BlackTeamCountry "GER"]

1. d4 d5 2. Nf3 Nf6 3. c4 c6 4. Nc3 dxc4 5. a4 Bf5 6. e3 e6 7. Bxc4 Bb4 8. 0-0 Nbd7 9. Qe2 Bg6 10. e4 0-0 11. Bd3 h6 12. e5 Bxd3 13. Qxd3 Nd5 14. Ne4 Be7 15. Bd2 c5 16. Rac1 cxd4 17. Qxd4 Qb6 18. Qxb6 N7xb6 19. a5 Nd7 20. Rc4 Rac8 21. Rfc1 Rxc4 22. Rxc4 Rd8 23. Kf1 f6 24. exf6 N7xf6 25. Nxf6+ Bxf6 26. b3 Kf7 27. Ke2 Rd7 28. Ne1 Be7 29. Nd3 Bd6 30. g3 Rd8 31. Nc5 Bxc5 32. Rxc5 b6 33. axb6 axb6 34. Rc6 Rb8 35. Rc2 1/2-1/2

[Event "BL2-Sued 0708"]
[Site "Germany"]
[Date "2007.12.09"]
[Round "4.8"]
[White "Rudolph, Johannes"]
[Black "Bauer, Manfred"]
[Result "1-0"]
[WhiteElo "2281"]
[BlackElo "2149"]
[PlyCount "67"]
[EventDate "2007.10.21"]
[EventType "team-tourn"]
[EventRounds "9"]
[EventCountry "GER"]
[SourceTitle "EXT 2009"]
[Source "ChessBase"]
[SourceDate "2008.11.26"]
[SourceVersion "1"]
[SourceVersionDate "2008.11.26"]
[SourceQuality "1"]
[WhiteTeam "Heidelberg Kirchheim"]
[BlackTeam "Schmiden Cannstatt"]
[WhiteTeamCountry "GER"]
[BlackTeamCountry "GER"]

1. d4 Nf6 2. c4 g6 3. Nc3 d5 4. cxd5 Nxd5 5. e4 Nxc3 6. bxc3 Bg7 7. Bc4 0-0 8. Ne2 Qd7 9. 0-0 b6 10. Be3 Bb7 11. f3 Nc6 12. Qb1 Na5 13. Bb5 c6 14. Bd3 e5 15. dxe5 Bxe5 16. Bd4 Qe7 17. f4 Bxd4+ 18. cxd4 c5 19. f5 cxd4 20. f6 Qa3 21. Rf3 Rfd8 22. Qe1 Qf8 23. Qh4 Bc8 24. Rc1 h5 25. Nf4 Qh6 26. Rg3 Kh7 27. Rg5 Rh8 28. Rc7 Kg8 29. e5 Rh7 30. Rc2 Kf8 31. Bxg6 fxg6 32. Rxg6 Bf5 33. Rxh6 Rxh6 34. Qg5 1-0

[Event "Sanxenxo op 4th"]
[Site "Sanxenxo"]
[Date "2007.06.24"]
[Round "9"]
[White "Ramesh, Ramachandran B"]
[Black "Rudolph, Johannes"]
[Result "1-0"]
[WhiteElo "2453"]
[BlackElo "2266"]
[PlyCount "61"]
[EventDate "2007.06.16"]
[EventType "swiss"]
[EventRounds "9"]
[EventCountry "ESP"]
[SourceTitle "CBM 118 Extra"]
[Source "ChessBase"]
[SourceDate "2007.07.04"]
[SourceVersion "1"]
[SourceVersionDate "2007.07.04"]
[SourceQuality "1"]

1. d4 d5 2. Nf3 Nf6 3. c4 c6 4. Nc3 dxc4 5. a4 c5 6. d5 e6 7. e4 Nxe4 8. Nxe4 exd5 9. Nc3 Be6 10. g3 Be7 11. Ne2 Nc6 12. Nf4 0-0 13. Bg2 Bf6 14. 0-0 Qd6 15. Nh5 Be7 16. Re1 Bg4 17. Nf4 Rad8 18. h3 Bc8 19. Ra3 g6 20. Nd2 Be6 21. Rae3 Bg5 22. Rxe6 fxe6 23. Nxe6 Bf6 24. Nxf8 Qxf8 25. Nf3 Qg7 26. Ng5 Nd4 27. Ne6 Nxe6 28. Bxd5 Kh8 29. Rxe6 Bd4 30. Qe2 Qf7 31. Bh6 1-0

[Event "Sanxenxo op 4th"]
[Site "Sanxenxo"]
[Date "2007.06.17"]
[Round "2"]
[White "Rudolph, Johannes"]
[Black "Reinaldo Castineira, Roi"]
[Result "0-1"]
[WhiteElo "2266"]
[BlackElo "2452"]
[PlyCount "44"]
[EventDate "2007.06.16"]
[EventType "swiss"]
[EventRounds "9"]
[EventCountry "ESP"]
[SourceTitle "CBM 118 Extra"]
[Source "ChessBase"]
[SourceDate "2007.07.04"]
[SourceVersion "1"]
[SourceVersionDate "2007.07.04"]
[SourceQuality "1"]

1. d4 Nf6 2. c4 e6 3. Nc3 Bb4 4. f3 c5 5. d5 Nh5 6. Nh3 d6 7. Nf2 f5 8. g4 Nf6 9. gxf5 exf5 10. Bg2 Nbd7 11. f4 Bxc3+ 12. bxc3 Qa5 13. Qd3 0-0 14. 0-0 Nb6 15. e4 fxe4 16. Qg3 Bf5 17. Bh3 Bxh3 18. Nxh3 Nxc4 19. Kh1 Nxd5 20. Rg1 Qxc3 21. Qg5 Rf5 22. Qxf5 Qf3+ 0-1

[Event "BL2-Sued 0607"]
[Site "Germany"]
[Date "2006.12.10"]
[Round "4.7"]
[White "Riedel, Finn"]
[Black "Rudolph, Johannes"]
[Result "0-1"]
[WhiteElo "2165"]
[BlackElo "2260"]
[PlyCount "86"]
[EventDate "2006.10.15"]
[EventType "team-tourn"]
[EventRounds "9"]
[EventCountry "GER"]
[SourceTitle "EXT 2008"]
[Source "ChessBase"]
[SourceDate "2007.11.25"]
[SourceVersion "1"]
[SourceVersionDate "2007.11.25"]
[SourceQuality "1"]
[WhiteTeam "Bebenhausen"]
[BlackTeam "Kirchheim"]
[WhiteTeamCountry "GER"]
[BlackTeamCountry "GER"]

1. e4 Nf6 2. Nc3 d5 3. e5 Nfd7 4. e6 fxe6 5. d4 c5 6. Nf3 Nc6 7. Bf4 cxd4 8. Nxd4 Nxd4 9. Qxd4 Qb6 10. Qxb6 axb6 11. Bc7 g6 12. Bb5 Bg7 13. Bxb6 0-0 14. Bc7 Nc5 15. f3 Bd7 16. Bxd7 Nxd7 17. Bg3 Rfc8 18. 0-0 Bxc3 19. bxc3 Rxc3 20. Rfe1 Kf7 21. Re2 Rac8 22. Rae1 R8c6 23. Rb1 b6 24. Rb2 Nc5 25. Be1 Rc4 26. Rb4 Na4 27. Rxc4 Rxc4 28. a3 Nc3 29. Rd2 b5 30. h3 Na4 31. Re2 Nc3 32. Rd2 d4 33. Kh2 e5 34. Rd3 Ke6 35. Kg3 Nd5 36. Rb3 Rxc2 37. Rxb5 Ne3 38. Bf2 Nf5+ 39. Kg4 Rxf2 40. Rb6+ Nd6 41. g3 d3 42. Rb3 d2 43. Rd3 Nc4 0-1

[Event "Paderborn op"]
[Site "Paderborn"]
[Date "2006.??.??"]
[Round "3"]
[White "Rudolph, Johannes"]
[Black "Skembris, Spyridon"]
[Result "1/2-1/2"]
[WhiteElo "2314"]
[BlackElo "2451"]
[PlyCount "99"]
[EventDate "2006.??.??"]
[EventType "swiss"]
[EventRounds "7"]
[EventCountry "GER"]
[SourceTitle "EXT 2010"]
[Source "ChessBase"]
[SourceDate "2010.11.25"]
[SourceVersion "1"]
[SourceVersionDate "2010.11.25"]
[SourceQuality "1"]

1. d4 Nf6 2. c4 e6 3. Nc3 c5 4. d5 exd5 5. cxd5 d6 6. e4 g6 7. Nf3 a6 8. e5 dxe5 9. Nxe5 Bg7 10. Be2 0-0 11. Be3 Re8 12. Nf3 Nbd7 13. 0-0 b5 14. Qd2 Bb7 15. d6 b4 16. Nb1 Ne4 17. Qc2 Nxd6 18. Nbd2 Nf5 19. Nc4 Nxe3 20. fxe3 Qe7 21. Rad1 Rad8 22. Nd6 Qxe3+ 23. Kh1 Bxf3 24. Bxf3 Re7 25. Nc4 Qh6 26. Qa4 Bd4 27. Qxa6 Ne5 28. Nxe5 Rxe5 29. a3 bxa3 30. bxa3 Ree8 31. g3 Qg5 32. Qc4 h5 33. Bg2 Re7 34. Rde1 Rd6 35. Rxe7 Qxe7 36. a4 Rf6 37. Rxf6 Qxf6 38. Qe2 Bc3 39. Bd5 Kg7 40. Kg2 Qd4 41. Qa2 f5 42. Bf3 Ba5 43. Qe6 c4 44. Qe7+ Kh6 45. Qf8+ Qg7 46. Qc5 Qb2+ 47. Kh3 Qb4 48. Qe3+ Kg7 49. Qa7+ Kh6 50. Qe3+ 1/2-1/2

[Event "Solingen op-A"]
[Site "Solingen"]
[Date "2005.05.29"]
[Round "7"]
[White "Schaefer, Markus"]
[Black "Rudolph, Johannes"]
[Result "1/2-1/2"]
[WhiteElo "2364"]
[BlackElo "2305"]
[PlyCount "28"]
[EventDate "2005.05.26"]
[EventType "swiss"]
[EventRounds "7"]
[EventCountry "GER"]
[SourceTitle "EXT 2006"]
[Source "ChessBase"]
[SourceDate "2005.11.24"]
[SourceVersion "1"]
[SourceVersionDate "2005.11.24"]
[SourceQuality "1"]

1. e4 Nf6 2. e5 Nd5 3. d4 d6 4. Nf3 g6 5. Bc4 Nb6 6. Bb3 Bg7 7. Ng5 e6 8. Qf3 Qe7 9. Ne4 dxe5 10. dxe5 N8d7 11. Bg5 Qb4+ 12. Bd2 Qe7 13. Bg5 Qb4+ 14. Bd2 Qe7 1/2-1/2

[Event "Duisburg Grossenbaum op"]
[Site "Duisburg"]
[Date "2005.05.16"]
[Round "6"]
[White "Stefkovic, Marijan"]
[Black "Rudolph, Johannes"]
[Result "0-1"]
[WhiteElo "2141"]
[BlackElo "2305"]
[PlyCount "134"]
[EventDate "2005.05.13"]
[EventType "swiss"]
[EventRounds "7"]
[EventCountry "GER"]
[SourceTitle "EXT 2006"]
[Source "ChessBase"]
[SourceDate "2005.11.24"]
[SourceVersion "1"]
[SourceVersionDate "2005.11.24"]
[SourceQuality "1"]

1. d4 d5 2. c4 c6 3. Nf3 Nf6 4. Nc3 dxc4 5. a4 Bf5 6. e3 e6 7. Bxc4 Bb4 8. 0-0 Nbd7 9. Bd2 a5 10. Qe2 Bg6 11. Ng5 h6 12. Nf3 0-0 13. Rfd1 Qe7 14. Bd3 Bxd3 15. Qxd3 e5 16. dxe5 Nxe5 17. Nxe5 Qxe5 18. Qe2 Rfe8 19. Be1 Qe6 20. Rd4 Bc5 21. Rc4 b6 22. Rd1 Red8 23. Rh4 Qb3 24. Rxd8+ Rxd8 25. Rf4 Bb4 26. h3 Bxc3 27. Bxc3 Qd1+ 28. Qxd1 Rxd1+ 29. Kh2 Nd5 30. Rc4 c5 31. Kg3 f6 32. Kf3 Ra1 33. Ke4 Nxc3+ 34. bxc3 Rd1 35. f4 g6 36. g4 Kf7 37. h4 Ke6 38. f5+ gxf5+ 39. gxf5+ Kd6 40. Kf3 h5 41. Ke2 Rd5 42. Rf4 Ke5 43. Rf1 Rd7 44. c4 Rg7 45. Rb1 Rg2+ 46. Kd3 Ra2 47. Rxb6 Ra3+ 48. Kd2 Rxa4 49. Rc6 Rxc4 50. Kd3 Rc1 51. Kd2 Ra1 52. Rxc5+ Ke4 53. Rc4+ Kxf5 54. Rc5+ Kg6 55. Kd3 a4 56. Ra5 a3 57. Kd4 a2 58. Ke4 Kf7 59. Ra7+ Ke6 60. Ra6+ Kd7 61. Ra7+ Kd6 62. Ra6+ Kc5 63. Ra5+ Kb4 64. Ra8 Kc3 65. Rc8+ Kd2 66. Rg8 Re1 67. Rg2+ Re2 0-1

[Event "BL2-Sued 0405"]
[Site "Germany"]
[Date "2005.04.10"]
[Round "9.4"]
[White "Singer, Christoph"]
[Black "Rudolph, Johannes"]
[Result "0-1"]
[WhiteElo "2341"]
[BlackElo "2308"]
[PlyCount "90"]
[EventDate "2004.10.24"]
[EventType "team-tourn"]
[EventRounds "9"]
[EventCountry "GER"]
[SourceTitle "EXT 2007"]
[Source "ChessBase"]
[SourceDate "2006.11.23"]
[SourceVersion "1"]
[SourceVersionDate "2006.11.23"]
[SourceQuality "1"]
[WhiteTeam "Pasing"]
[BlackTeam "Kirchheim"]
[WhiteTeamCountry "GER"]
[BlackTeamCountry "GER"]

1. d4 d5 2. Bf4 Nf6 3. e3 c5 4. c3 Nc6 5. Nf3 Qb6 6. Qb3 c4 7. Qc2 Bf5 8. Qc1 h6 9. h3 g5 10. Bh2 Bg7 11. Nbd2 Rc8 12. Be2 0-0 13. 0-0 Qd8 14. b3 b5 15. a4 a6 16. Qb2 Qd7 17. Ra2 Ne4 18. Nxe4 Bxe4 19. Nd2 Bg6 20. axb5 axb5 21. Rfa1 e5 22. dxe5 Nxe5 23. bxc4 bxc4 24. Ra7 Qf5 25. Nf3 Rb8 26. Rb7 Nxf3+ 27. Bxf3 Bxc3 28. Qxc3 Rxb7 29. Be5 Rb3 30. Qd4 Rd3 31. Qb2 Rb3 32. Qd4 Rb1+ 33. Rxb1 Qxb1+ 34. Kh2 Qd3 35. Qb6 Qf5 36. Bd4 Qe6 37. Qa5 Be4 38. Bg4 Qd6+ 39. g3 Rb8 40. Qa7 Rb1 41. f3 Bg6 42. Bc3 d4 43. Bxd4 h5 44. Bc8 h4 45. f4 Be4 0-1

[Event "BL2-Sued 0405"]
[Site "Germany"]
[Date "2005.01.30"]
[Round "6.6"]
[White "Kountz, Jochen"]
[Black "Rudolph, Johannes"]
[Result "1/2-1/2"]
[WhiteElo "2321"]
[BlackElo "2308"]
[PlyCount "79"]
[EventDate "2004.10.24"]
[EventType "team-tourn"]
[EventRounds "9"]
[EventCountry "GER"]
[SourceTitle "EXT 2007"]
[Source "ChessBase"]
[SourceDate "2006.11.23"]
[SourceVersion "1"]
[SourceVersionDate "2006.11.23"]
[SourceQuality "1"]
[WhiteTeam "Untergrombach"]
[BlackTeam "Kirchheim"]
[WhiteTeamCountry "GER"]
[BlackTeamCountry "GER"]

1. e4 Nf6 2. Nc3 d5 3. e5 Nfd7 4. f4 c5 5. Nf3 Nc6 6. d4 cxd4 7. Nxd4 Nxd4 8. Qxd4 e6 9. Be3 Bc5 10. Qd2 Bxe3 11. Qxe3 Qb6 12. Qd2 0-0 13. 0-0-0 Nc5 14. h4 Bd7 15. Qd4 a5 16. Rh3 Qb4 17. a3 Qxd4 18. Rxd4 Rfc8 19. a4 Rc7 20. Bd3 Nxd3+ 21. Rhxd3 Rac8 22. Kd2 b6 23. Ke3 h5 24. g3 g6 25. Rd2 Be8 26. Kd3 Kf8 27. Rd1 Rc5 28. Ra1 b5 29. axb5 Bxb5+ 30. Nxb5 Rxb5 31. Ra2 Rcb8 32. b3 Rc8 33. Rda4 Rbc5 34. c4 Ke7 35. Kd4 dxc4 36. bxc4 R5c7 37. Rb2 Rd8+ 38. Kc3 Rd1 39. Rd2 Rxd2 40. Kxd2 1/2-1/2

[Event "AUT-chT2W 0405"]
[Site "Austria"]
[Date "2005.01.23"]
[Round "8.2"]
[White "Bromberger, Stefan"]
[Black "Rudolph, Johannes"]
[Result "1-0"]
[WhiteElo "2440"]
[BlackElo "2308"]
[PlyCount "91"]
[EventDate "2004.10.16"]
[EventType "team-tourn"]
[EventRounds "11"]
[EventCountry "AUT"]
[SourceTitle "EXT 2005"]
[Source "ChessBase"]
[SourceDate "2004.11.15"]
[SourceVersion "1"]
[SourceVersionDate "2004.11.15"]
[SourceQuality "1"]
[WhiteTeam "Absam"]
[BlackTeam "Reutte"]
[WhiteTeamCountry "AUT"]
[BlackTeamCountry "AUT"]

1. d4 d5 2. c4 c6 3. Nc3 Nf6 4. Nf3 dxc4 5. a4 Bf5 6. Ne5 Nbd7 7. Nxc4 Qc7 8. g3 e5 9. dxe5 Nxe5 10. Bf4 Nfd7 11. Bg2 g5 12. Ne3 gxf4 13. Nxf5 0-0-0 14. 0-0 Ng6 15. Qc2 h5 16. Rfd1 Kb8 17. Nb5 Qb6 18. Nbd4 a5 19. Qb3 Qxb3 20. Nxb3 Bb4 21. Nfd4 Nde5 22. Nc2 Bd6 23. Nxa5 Bc7 24. Nb3 fxg3 25. hxg3 h4 26. a5 hxg3 27. fxg3 Ng4 28. a6 Bb6+ 29. Kf1 Nh2+ 30. Ke1 Bc7 31. Ncd4 Bxg3+ 32. Kd2 Nf4 33. Bh1 Ne6 34. e3 Ng4 35. axb7 Nxd4 36. Nxd4 Rxd4+ 37. exd4 Bf4+ 38. Kc3 Rh3+ 39. Kc4 Kxb7 40. Rd3 Ne3+ 41. Kb3 Rh6 42. Bf3 Nf5 43. Ra4 Be3 44. d5 c5 45. Ka2 Bd4 46. d6+ 1-0

[Event "BL2-Sued 0304"]
[Site "Germany"]
[Date "2004.??.??"]
[Round "?.8"]
[White "Kargoll, Boris"]
[Black "Rudolph, Johannes"]
[Result "1/2-1/2"]
[WhiteElo "2255"]
[BlackElo "2245"]
[PlyCount "44"]
[EventDate "2003.10.??"]
[EventType "team-tourn"]
[EventRounds "9"]
[EventCountry "GER"]
[SourceTitle "CBM 100 Extra"]
[Source "ChessBase"]
[SourceDate "2004.07.06"]
[SourceVersion "2"]
[SourceVersionDate "2004.07.06"]
[SourceQuality "1"]
[WhiteTeam "Karlsruhe"]
[BlackTeam "Kirchheim"]
[WhiteTeamCountry "GER"]
[BlackTeamCountry "GER"]

1. d4 d5 2. Nf3 Nf6 3. c4 c6 4. e3 Bf5 5. cxd5 cxd5 6. Qb3 Qc7 7. Bd2 e6 8. Bb5+ Nc6 9. Bb4 Bxb4+ 10. Qxb4 Nd7 11. Qa3 Nxd4 12. exd4 Qc1+ 13. Ke2 Qxh1 14. Nc3 Qxa1 15. Bxd7+ Kxd7 16. Ne5+ Ke8 17. Nb5 Qc1 18. Nd6+ Kd8 19. Ndxf7+ Kc8 20. Nxh8 g5 21. Qf8+ Kc7 22. Qe7+ Kb6 1/2-1/2

[Event "BL2-Sued 0304"]
[Site "Germany"]
[Date "2004.??.??"]
[Round "?.7"]
[White "Kluss, Kai"]
[Black "Rudolph, Johannes"]
[Result "0-1"]
[WhiteElo "2235"]
[BlackElo "2245"]
[PlyCount "122"]
[EventDate "2003.10.??"]
[EventType "team-tourn"]
[EventRounds "9"]
[EventCountry "GER"]
[SourceTitle "CBM 100 Extra"]
[Source "ChessBase"]
[SourceDate "2004.07.06"]
[SourceVersion "2"]
[SourceVersionDate "2004.07.06"]
[SourceQuality "1"]
[WhiteTeam "Bad Mergentheim"]
[BlackTeam "Kirchheim"]
[WhiteTeamCountry "GER"]
[BlackTeamCountry "GER"]

1. d4 d5 2. c4 c6 3. Nf3 Nf6 4. Nc3 dxc4 5. e4 b5 6. e5 Nd5 7. a4 e6 8. axb5 Nxc3 9. bxc3 cxb5 10. Ng5 Bb7 11. Qh5 g6 12. Qg4 Be7 13. Be2 Nd7 14. 0-0 Nb6 15. Ne4 Bxe4 16. Qxe4 Nd5 17. Bh6 Bg5 18. Bxg5 Qxg5 19. f4 Qe7 20. Ra6 0-0 21. Qf3 b4 22. Bxc4 Nxc3 23. Rfa1 Rfd8 24. Bb3 Nb5 25. Rd1 Nxd4 26. Rxd4 Qc5 27. Rad6 Rxd6 28. Qxa8+ Kg7 29. exd6 Qxd4+ 30. Kf1 Qa1+ 31. Ke2 Qb2+ 32. Ke1 Qxb3 33. Qc6 Qd3 34. d7 b3 35. Qc7 b2 36. Qe5+ f6 37. Qxb2 Qxd7 38. Qb4 Qc7 39. g4 a5 40. Qa4 Qc3+ 41. Kf2 Qd2+ 42. Kf3 e5 43. fxe5 fxe5 44. Qe8 Qf4+ 45. Kg2 Qxg4+ 46. Kh1 Qf4 47. h3 a4 48. Qe7+ Kh6 49. Qd6 Qf1+ 50. Kh2 Qf2+ 51. Kh1 Qg3 52. Qd2+ Qg5 53. Qd3 Qc1+ 54. Kg2 a3 55. Qd6 Qg5+ 56. Kh1 Qe3 57. Qf8+ Kh5 58. Qc8 Qe1+ 59. Kg2 a2 60. Qg4+ Kh6 61. h4 Qd2+ 0-1

[Event "Berkel op-A"]
[Site "Berkel"]
[Date "2003.09.13"]
[Round "2"]
[White "Gutman, Lev"]
[Black "Rudolph, Johannes"]
[Result "1-0"]
[WhiteElo "2501"]
[BlackElo "2536"]
[PlyCount "117"]
[EventDate "2003.09.13"]
[EventType "swiss"]
[EventRounds "7"]
[EventCountry "GER"]
[SourceTitle "EXT 2005"]
[Source "ChessBase"]
[SourceDate "2004.11.15"]
[SourceVersion "1"]
[SourceVersionDate "2004.11.15"]
[SourceQuality "1"]

1. Nf3 d5 2. g3 c6 3. Bg2 Nf6 4. 0-0 Bf5 5. d3 e6 6. a4 a5 7. Bd2 Bc5 8. c3 0-0 9. b4 axb4 10. cxb4 Be7 11. Na3 h6 12. Qb3 Nbd7 13. a5 e5 14. Qb2 e4 15. dxe4 Nxe4 16. Be3 Ndf6 17. Bb6 Qd6 18. Nc2 Qd7 19. Ne5 Qc8 20. Nd4 Bh3 21. Rac1 Bxg2 22. Kxg2 Ng5 23. Ndf3 Qh3+ 24. Kh1 Nfe4 25. Ng1 Qe6 26. Nd3 Nd6 27. Nf4 Qe4+ 28. f3 Qf5 29. Bd4 f6 30. e3 Nb5 31. g4 Qd7 32. Nge2 Bd6 33. Bb6 Rfe8 34. Ng3 Bxf4 35. exf4 Nf7 36. Nh5 Qe6 37. Qg2 Qe2 38. Qg3 d4 39. f5 Ne5 40. Nf4 Qb2 41. Ne6 Qxb4 42. f4 Nd7 43. g5 hxg5 44. fxg5 fxg5 45. Nxg7 Re3 46. Qxg5 Qe7 47. f6 Qe4+ 48. Kg1 Kh8 49. f7 Qh7 50. Nh5 Re6 51. Bd8 Qg6 52. f8Q+ Nxf8 53. Rxf8+ Kh7 54. Rcf1 Qxg5+ 55. Bxg5 Rxf8 56. Rxf8 Re1+ 57. Kf2 Ra1 58. Nf4 Rxa5 59. Bf6 1-0